[Event "World ol U16"]
[Site "Konya"]
[Date "2018.11.26"]
[Round "2.4"]
[White "Nalbant, Tuna Onat"]
[Black "Boyer, Mahel"]
[Result "1/2-1/2"]
[WhiteElo "2194"]
[BlackElo "2235"]
[PlyCount "95"]
[EventDate "2018.11.25"]
[EventType "team-swiss"]
[EventRounds "9"]
[EventCountry "TUR"]
[SourceTitle "CBM 187 Extra"]
[Source "ChessBase"]
[SourceDate "2018.11.04"]
[SourceVersion "1"]
[SourceVersionDate "2018.11.04"]
[SourceQuality "1"]
[WhiteTeam "Turkey Red"]
[BlackTeam "France"]
[WhiteTeamCountry "TUR"]
[BlackTeamCountry "FRA"]

1. e4 c5 2. Nf3 a6 3. d4 cxd4 4. Nxd4 Nf6 5. Nc3 e5 6. Nb3 Bb4 7. Bd3 0-0 8. 0-0 d6 9. Nd5 Nxd5 10. exd5 f5 11. c4 Nd7 12. a3 Bc5 13. Nxc5 Nxc5 14. Bc2 a5 15. Be3 Qb6 16. b4 axb4 17. axb4 Rxa1 18. Qxa1 Qxb4 19. Qa2 Qb6 20. Rb1 Qc7 21. f3 f4 22. Bf2 g5 23. Qa3 Na6 24. Bd3 g4 25. fxg4 Bxg4 26. Rb6 Rd8 27. h3 Bc8 28. Be4 Kg7 29. Rb1 Qxc4 30. Qf3 Nc5 31. Bxc5 Qxc5+ 32. Kh2 Qc7 33. Qh5 Kh8 34. Qg5 Rf8 35. Qh6 Rg8 36. Qf6+ Qg7 37. Qxd6 Bf5 38. Rxb7 Qxb7 39. Qxe5+ Qg7 40. Qxg7+ Kxg7 41. Bxf5 h6 42. Be6 Rb8 43. d6 Kf6 44. Bg4 Kg5 45. d7 h5 46. Bf3 Rd8 47. Bc6 h4 48. Kg1 1/2-1/2

[Event "Wch U20 57th"]
[Site "Manavgat"]
[Date "2018.09.14"]
[Round "10"]
[White "Nalbant, Tuna Onat"]
[Black "Tifferet, Shaked"]
[Result "0-1"]
[WhiteElo "2241"]
[BlackElo "2299"]
[PlyCount "112"]
[EventDate "2018.09.05"]
[EventType "swiss"]
[EventRounds "11"]
[EventCountry "TUR"]
[SourceTitle "CBM 186 Extra"]
[Source "ChessBase"]
[SourceDate "2018.08.24"]
[SourceVersion "1"]
[SourceVersionDate "2018.08.24"]
[SourceQuality "1"]

1. e4 e5 2. Nf3 Nc6 3. Bc4 Bc5 4. d3 Nf6 5. 0-0 d6 6. c3 a5 7. h3 h6 8. Re1 0-0 9. Nbd2 a4 10. Bb5 Bd7 11. Nf1 Ne7 12. Bxd7 Nxd7 13. Ng3 f5 14. d4 Bb6 15. exf5 Nxf5 16. Nxf5 Rxf5 17. Qd3 Qf8 18. Be3 Rxf3 19. gxf3 Qxf3 20. Qf1 exd4 21. cxd4 Rf8 22. Qg2 Qh5 23. Kh2 Nf6 24. Rg1 Rf7 25. Qg6 Qxg6 26. Rxg6 Kh7 27. Rgg1 Ne4 28. Rac1 d5 29. Kg2 c6 30. Rgd1 Nd6 31. Rd3 Nb5 32. f3 Rf8 33. Re1 Re8 34. Kf2 Kg6 35. Rg1+ Kf7 36. Rg4 Nd6 37. Rf4+ Kg8 38. Bd2 h5 39. Bb4 Nf7 40. Re3 Rxe3 41. Kxe3 Bd8 42. h4 g6 43. Be1 Kg7 44. Bg3 Nh6 45. Bf2 g5 46. hxg5 Bxg5 47. Bg3 Nf5+ 48. Kf2 Nxg3 49. Kxg3 Bxf4+ 50. Kxf4 Kf6 51. b3 axb3 52. axb3 b6 53. b4 b5 54. Kg3 Kg5 55. Kh3 Kf4 56. Kg2 h4 0-1

[Event "Wch U20 57th"]
[Site "Manavgat"]
[Date "2018.09.11"]
[Round "7"]
[White "Huber, Martin Christian"]
[Black "Nalbant, Tuna Onat"]
[Result "1-0"]
[WhiteElo "2390"]
[BlackElo "2241"]
[PlyCount "109"]
[EventDate "2018.09.05"]
[EventType "swiss"]
[EventRounds "11"]
[EventCountry "TUR"]
[SourceTitle "CBM 186 Extra"]
[Source "ChessBase"]
[SourceDate "2018.08.24"]
[SourceVersion "1"]
[SourceVersionDate "2018.08.24"]
[SourceQuality "1"]

1. Nf3 d5 2. d4 Nf6 3. c4 e6 4. g3 Be7 5. Bg2 0-0 6. 0-0 c6 7. Qc2 Nbd7 8. Rd1 b6 9. b3 Bb7 10. Nc3 Rc8 11. e4 dxe4 12. Nxe4 Nxe4 13. Qxe4 Re8 14. Bf4 Nf6 15. Qc2 Bd6 16. Bxd6 Qxd6 17. c5 Qc7 18. Ne5 Nd7 19. Nc4 Rb8 20. Nd6 Red8 21. b4 Nf6 22. Rac1 Bc8 23. Qa4 b5 24. Qb3 Nd5 25. f4 a5 26. a3 g6 27. Re1 Ne7 28. Rcd1 axb4 29. axb4 Nd5 30. Bxd5 exd5 31. Ne8 Qb7 32. Qe3 Bf5 33. Nf6+ Kf8 34. Qe5 Be6 35. Nxh7+ Kg8 36. Nf6+ Kf8 37. g4 Qc8 38. Qg5 Kg7 39. f5 Bxf5 40. gxf5 Qxf5 41. Nh5+ Kh7 42. Qxf5 gxf5 43. Rf1 Ra8 44. Rxf5 Ra4 45. Ng3 Rxb4 46. Rxf7+ Kg8 47. Rc7 Ra8 48. Rxc6 Rb2 49. Rd6 Raa2 50. Nf1 b4 51. Rxd5 b3 52. c6 Rc2 53. Rc5 Rxc5 54. dxc5 Rc2 55. c7 1-0

[Event "Wch U20 57th"]
[Site "Manavgat"]
[Date "2018.09.07"]
[Round "4"]
[White "Nalbant, Tuna Onat"]
[Black "Fleri, Matthew"]
[Result "1-0"]
[WhiteElo "2241"]
[BlackElo "1625"]
[PlyCount "41"]
[EventDate "2018.09.05"]
[EventType "swiss"]
[EventRounds "11"]
[EventCountry "TUR"]
[SourceTitle "CBM 186 Extra"]
[Source "ChessBase"]
[SourceDate "2018.08.24"]
[SourceVersion "1"]
[SourceVersionDate "2018.08.24"]
[SourceQuality "1"]

1. e4 c5 2. Nf3 d6 3. d4 cxd4 4. Nxd4 Nf6 5. Nc3 a6 6. Bg5 e6 7. f4 Be7 8. Qf3 Nbd7 9. 0-0-0 h6 10. Bh4 Qc7 11. Bd3 0-0 12. g4 b5 13. g5 Nh7 14. gxh6 Bxh4 15. hxg7 Kxg7 16. Rhg1+ Kh8 17. Qg4 Bf6 18. e5 dxe5 19. Bxh7 exf4 20. Bf5 Qd8 21. Qh5# 1-0

[Event "Wch U20 57th"]
[Site "Manavgat"]
[Date "2018.09.06"]
[Round "2"]
[White "Nalbant, Tuna Onat"]
[Black "Wadsworth, Matthew J"]
[Result "1-0"]
[WhiteElo "2241"]
[BlackElo "2351"]
[PlyCount "79"]
[EventDate "2018.09.05"]
[EventType "swiss"]
[EventRounds "11"]
[EventCountry "TUR"]
[SourceTitle "CBM 186 Extra"]
[Source "ChessBase"]
[SourceDate "2018.08.24"]
[SourceVersion "1"]
[SourceVersionDate "2018.08.24"]
[SourceQuality "1"]

1. e4 c5 2. Nf3 e6 3. d4 cxd4 4. Nxd4 Nc6 5. Nc3 Qc7 6. f4 a6 7. Nxc6 Qxc6 8. Bd3 b5 9. Qe2 Bb7 10. Bd2 Nf6 11. e5 b4 12. exf6 bxc3 13. Bxc3 gxf6 14. 0-0-0 Be7 15. g4 Qa4 16. Rhf1 Rc8 17. Kb1 Rxc3 18. bxc3 Bd5 19. Kc1 Qa3+ 20. Kd2 0-0 21. Qe3 Rc8 22. Qh3 Qxc3+ 23. Ke2 Be4 24. Qe3 Bg2 25. Rf2 Qc6 26. Qg3 Be4 27. Qe3 d5 28. Rff1 Bc5 29. Qg3 Qa4 30. Qh4 Bd4 31. Rd2 Bc3 32. Rdd1 Qxa2 33. Qg3 Bb4 34. Bxe4 Rxc2+ 35. Bxc2 Qxc2+ 36. Rd2 Qxd2+ 37. Kf3 a5 38. Qf2 Qxf2+ 39. Rxf2 e5 40. Rc2 1-0

[Event "Wch U20 57th"]
[Site "Manavgat"]
[Date "2018.09.05"]
[Round "1"]
[White "Gavrilescu, David"]
[Black "Nalbant, Tuna Onat"]
[Result "1-0"]
[WhiteElo "2470"]
[BlackElo "2241"]
[PlyCount "81"]
[EventDate "2018.09.05"]
[EventType "swiss"]
[EventRounds "11"]
[EventCountry "TUR"]
[SourceTitle "CBM 186 Extra"]
[Source "ChessBase"]
[SourceDate "2018.08.24"]
[SourceVersion "1"]
[SourceVersionDate "2018.08.24"]
[SourceQuality "1"]

1. e4 c5 2. Nf3 d6 3. Bb5+ Nd7 4. c3 Ngf6 5. Bd3 e6 6. Bc2 Be7 7. d4 Qc7 8. 0-0 0-0 9. Re1 b6 10. a4 a6 11. Na3 Bb7 12. Qe2 cxd4 13. cxd4 Rfc8 14. Bd3 d5 15. e5 Ne4 16. Nd2 Nxd2 17. Bxd2 Nf8 18. Nc2 b5 19. a5 Qd8 20. Qh5 Bc6 21. Re3 f5 22. exf6 Bxf6 23. Rh3 g6 24. Qe2 Qd7 25. Re1 Re8 26. Ne3 Bg7 27. Ng4 Qd6 28. Bh6 Ra7 29. Qe3 Qd8 30. Bxg7 Rxg7 31. Qe5 Ree7 32. Rf3 Nd7 33. Nh6+ Kh8 34. Qd6 Bb7 35. Rxe6 Qe8 36. Rfe3 Rxe6 37. Rxe6 Qc8 38. Qf4 Nb8 39. Qe5 Bc6 40. Re7 Qf8 41. Rf7 1-0